Những chặng đường lịch sử của đoàn 1975 - 1980

Tuổi trẻ Việt Nam trong chiến dịch HCM lịch sử và đại thắng mùa xuân năm 1975,đại hôi đại biểu toàn quốc lần thứ 4 của Đảng thành công rực rỡ,tuổi trẻ đi đầu trong công cuộc hàn gắn vết thương chiến tranh,tuổi trẻ trong công cuộc chiến đấu chống quân Trung Quốc......

Full beskrivning

Sparad:
Bibliografiska uppgifter
Huvudupphovsman: Vũ Công Cẩn
Övriga upphovsmän: Văn Tùng (tác giả)
Materialtyp: Bok
Språk:Vietnamese
Publicerad: H. Thanh niên 1981
Ämnen:
Taggar: Lägg till en tagg
Inga taggar, Lägg till första taggen!
Thư viện lưu trữ: Mạng thư viện Đại học Đà Nẵng
LEADER 01176nam a2200301 4500
001 000010042
003 6241
005 20111109141115.0
008 111109s1981 viesd
041 0 |a vie 
082 |a 324.3  |b VU-C 
100 0 |a Vũ Công Cẩn 
245 0 |a Những chặng đường lịch sử của đoàn  |b 1975 - 1980  |c Vũ Công Cẩn,Văn Tùng 
260 |a H.  |b Thanh niên  |c 1981 
300 |a 179tr.  |c 19 cm 
520 |a Tuổi trẻ Việt Nam trong chiến dịch HCM lịch sử và đại thắng mùa xuân năm 1975,đại hôi đại biểu toàn quốc lần thứ 4 của Đảng thành công rực rỡ,tuổi trẻ đi đầu trong công cuộc hàn gắn vết thương chiến tranh,tuổi trẻ trong công cuộc chiến đấu chống quân Trung Quốc... 
653 |a Đoàn thanh niên công sản HCM 
653 |a Tuổi trẻ Việt Nam 
700 |a Văn Tùng  |e tác giả 
910 |a quỳnh  |d 9/11/2011 
OWN |a LSP 
999 |a From the UDN01 
TYP |a Monograph 
TYP |a Printed language 
980 |a Mạng thư viện Đại học Đà Nẵng